[Event "Harrogate 4NCL op-B 27th"]
[Site "Harrogate"]
[Date "2022.01.23"]
[Round "5"]
[White "Fava, Lorenzo"]
[Black "Nwachukwu, Chino"]
[Result "1/2-1/2"]
[WhiteElo "1840"]
[BlackElo "1960"]
[PlyCount "83"]
[EventDate "2022.01.21"]
[EventType "swiss"]
[EventRounds "5"]
[EventCountry "ENG"]
[SourceTitle "CBM 206 Extra"]
[Source "ChessBase"]
[SourceDate "2022.03.31"]
[SourceVersion "1"]
[SourceVersionDate "2022.03.31"]
[SourceQuality "1"]

1. e4 c5 2. Nf3 d6 3. d4 cxd4 4. Nxd4 Nf6 5. Nc3 a6 6. h3 e6 7. g4 Be7 8. Bg2 0-0 9. 0-0 Qc7 10. Be3 Nc6 11. Kh1 Bd7 12. f4 Rfd8 13. g5 Ne8 14. f5 Ne5 15. h4 b5 16. Bh3 b4 17. fxe6 fxe6 18. Nxe6 Qc4 19. Nd5 Qxe4+ 20. Kh2 Ng6 21. Nxe7+ Kh8 22. Nxg6+ hxg6 23. Nxd8 Bxh3 24. Nf7+ Kg8 25. Kxh3 Qxe3+ 26. Qf3 Qe6+ 27. Kg2 Rc8 28. Rae1 Rxc2+ 29. Kg1 Qc8 30. Rf2 Rxf2 31. Kxf2 Qc5+ 32. Kg2 Nc7 33. h5 gxh5 34. Qe4 Kxf7 35. g6+ Kf6 36. Rf1+ Kg5 37. Kh3 a5 38. Rf8 Qd5 39. Qe7+ Kxg6 40. Qxc7 Qh1+ 41. Kg3 Qg1+ 42. Kh3 1/2-1/2

[Event "Gibraltar Amateurs op-B"]
[Site "Caleta"]
[Date "2020.01.27"]
[Round "4"]
[White "Marani, Luca"]
[Black "Nwachukwu, Chino"]
[Result "0-1"]
[WhiteElo "1796"]
[BlackElo "1868"]
[PlyCount "88"]
[EventDate "2020.01.20"]
[EventType "swiss"]
[EventRounds "5"]
[EventCountry "GGB"]
[SourceTitle "CBM 194 Extra"]
[Source "ChessBase"]
[SourceDate "2020.03.31"]
[SourceVersion "1"]
[SourceVersionDate "2020.03.31"]
[SourceQuality "1"]

1. e4 c5 2. Nf3 d6 3. d4 cxd4 4. Nxd4 Nf6 5. Nc3 a6 6. h3 e6 7. g4 Be7 8. Bg2 Nc6 9. Be3 Nxd4 10. Qxd4 e5 11. Qd2 Be6 12. 0-0 0-0 13. g5 Nh5 14. Nd5 Bxd5 15. exd5 Rc8 16. Bf3 Nf4 17. h4 Ng6 18. h5 Nf4 19. Bxf4 exf4 20. Bg4 Rc5 21. g6 f5 22. gxh7+ Kh8 23. Bf3 Bf6 24. c3 Be5 25. Rfe1 Qh4 26. Kg2 Kxh7 27. Rh1 Qf6 28. Rag1 Qd8 29. Kf1 Rf6 30. Qc2 Qc8 31. Rg5 b5 32. Bg4 Kh6 33. Rxf5 Rxf5 34. Bxf5 Qd8 35. Be6 Qf6 36. Rg1 g5 37. hxg6 Kg7 38. Rh1 Qg5 39. Rh7+ Kf8 40. Rf7+ Ke8 41. Qe4 Rc4 42. Qh1 Qxg6 43. Qh4 Qb1+ 44. Kg2 f3+ 0-1

[Event "BCF-chT4S 1920 (4NCL)"]
[Site "England"]
[Date "2020.01.11"]
[Round "3.113"]
[White "Nwachukwu, Chino"]
[Black "Feavyour, John"]
[Result "1-0"]
[WhiteElo "1945"]
[BlackElo "1944"]
[PlyCount "77"]
[EventDate "2019.11.09"]
[EventType "team-swiss"]
[EventRounds "11"]
[EventCountry "ENG"]
[SourceTitle "EXT 2022"]
[Source "ChessBase"]
[SourceDate "2021.10.06"]
[SourceVersion "1"]
[SourceVersionDate "2021.10.06"]
[SourceQuality "1"]
[WhiteTeam "Throw in the Tal"]
[BlackTeam "Iceni II"]
[WhiteTeamCountry "ENG"]
[BlackTeamCountry "ENG"]

1. e4 c5 2. Nf3 d6 3. d4 cxd4 4. Nxd4 Nf6 5. Nc3 a6 6. Bg5 e6 7. f4 Qc7 8. Bxf6 gxf6 9. Qf3 Bd7 10. 0-0-0 Nc6 11. Qh5 Be7 12. f5 Nxd4 13. Rxd4 Qb6 14. Rd3 Rc8 15. Be2 Qc5 16. Rf1 b5 17. Bd1 Qe5 18. fxe6 Bxe6 19. Qxe5 fxe5 20. Nd5 Rg8 21. Bf3 Rc6 22. Ra3 Bc8 23. g3 Bd8 24. Bh5 Rg7 25. Nb4 Rc4 26. Nxa6 Rxe4 27. c3 Be6 28. Nb4 Bc4 29. Rd1 Bg5+ 30. Kb1 Be2 31. Bxe2 Rxe2 32. Rxd6 Ke7 33. Rd5 Ke6 34. g4 f5 35. Ra6+ Kf7 36. Rd7+ Be7 37. Nd5 Ke8 38. Rb7 Rf7 39. gxf5 1-0

[Event "Basingstoke 4NCL Spring Bank 2nd U2050"]
[Site "Basingstoke"]
[Date "2019.05.26"]
[Round "5"]
[White "Nwachukwu, Chino"]
[Black "Cooper, Malcolm H"]
[Result "1-0"]
[WhiteElo "1865"]
[BlackElo "1925"]
[PlyCount "61"]
[EventDate "2019.05.24"]
[EventType "swiss"]
[EventRounds "7"]
[EventCountry "ENG"]
[SourceTitle "EXT 2020"]
[Source "ChessBase"]
[SourceDate "2019.10.17"]
[SourceVersion "1"]
[SourceVersionDate "2019.10.17"]
[SourceQuality "1"]

1. e4 c5 2. Nf3 d6 3. d4 cxd4 4. Nxd4 Nf6 5. Nc3 g6 6. Be2 Bg7 7. Be3 0-0 8. g4 Nc6 9. h4 Bxg4 10. Bxg4 Nxg4 11. Qxg4 Nxd4 12. 0-0-0 Nc6 13. h5 Qc8 14. Qh4 Bf6 15. Bg5 Bxg5+ 16. Qxg5 Qe6 17. Qh6 g5 18. Qxg5+ Kh8 19. Qe3 Rg8 20. Nd5 Rac8 21. a3 Rg4 22. f3 Rg3 23. h6 Rcg8 24. Kb1 Qe5 25. Nf4 R8g5 26. Rd5 Qf6 27. Nh5 Rxh5 28. Rdxh5 Rxf3 29. Qg1 Ne5 30. Qxa7 Rf1+ 31. Ka2 1-0

[Event "Stevenage 4NCL Easter op U2050"]
[Site "Stevenage"]
[Date "2019.04.21"]
[Round "4"]
[White "Sheikh, Anum"]
[Black "Nwachukwu, Chino"]
[Result "1/2-1/2"]
[WhiteElo "1651"]
[BlackElo "1899"]
[PlyCount "57"]
[EventDate "2019.04.19"]
[EventType "swiss"]
[EventRounds "7"]
[EventCountry "ENG"]
[SourceTitle "CBM 190 Extra"]
[Source "ChessBase"]
[SourceDate "2019.07.15"]
[SourceVersion "1"]
[SourceVersionDate "2019.07.15"]
[SourceQuality "1"]

1. e4 c5 2. Nf3 e6 3. d4 cxd4 4. Nxd4 Nf6 5. Nc3 a6 6. Be2 d6 7. Be3 Be7 8. 0-0 0-0 9. f4 Qc7 10. Bf3 Nc6 11. a4 Bd7 12. Nb3 b6 13. Qe1 Nb4 14. Qf2 Rab8 15. g4 Bc6 16. g5 Nd7 17. Qg2 Rfd8 18. h4 Nf8 19. f5 exf5 20. exf5 Bxf3 21. Rxf3 Nd7 22. g6 fxg6 23. fxg6 hxg6 24. Qxg6 Bf6 25. Qe4 a5 26. Qe6+ Kh7 27. Rf5 Ne5 28. Rh5+ Kg6 29. Rg5+ 1/2-1/2

[Event "Stevenage 4NCL Easter op U2050"]
[Site "Stevenage"]
[Date "2019.04.20"]
[Round "3"]
[White "Nwachukwu, Chino"]
[Black "Shenbagakumar, Gautham"]
[Result "1-0"]
[WhiteElo "1899"]
[BlackElo "1507"]
[PlyCount "137"]
[EventDate "2019.04.19"]
[EventType "swiss"]
[EventRounds "7"]
[EventCountry "ENG"]
[SourceTitle "CBM 190 Extra"]
[Source "ChessBase"]
[SourceDate "2019.07.15"]
[SourceVersion "1"]
[SourceVersionDate "2019.07.15"]
[SourceQuality "1"]

1. e4 c5 2. Nf3 d6 3. d4 cxd4 4. Nxd4 Nf6 5. Nc3 a6 6. Be2 e6 7. Be3 Be7 8. Qd2 0-0 9. 0-0-0 b5 10. g4 Bb7 11. f3 Nfd7 12. g5 Nc6 13. h4 Na5 14. h5 Ne5 15. b3 Qc7 16. f4 d5 17. Kb2 Rac8 18. Nb1 Nec6 19. g6 Bc5 20. gxf7+ Qxf7 21. exd5 Nxd4 22. Bxd4 Bxd4+ 23. Qxd4 Bxd5 24. Rhf1 Nc6 25. Qe3 Ne7 26. Nc3 Nf5 27. Qe5 Ng3 28. Bg4 Kh8 29. Nxd5 exd5 30. Rf3 Rce8 31. Qxd5 Qxd5 32. Rxd5 Ne4 33. Re5 Nf6 34. Rg3 Rxe5 35. fxe5 Nxg4 36. Rxg4 Re8 37. Re4 Kg8 38. Kc3 Kf7 39. Kd4 Rd8+ 40. Ke3 Ke6 41. c4 bxc4 42. bxc4 Rc8 43. Kd3 Rc5 44. Kd4 Ra5 45. Re2 Ra4 46. Kc5 Ra5+ 47. Kb6 Rxe5 48. Rxe5+ Kxe5 49. c5 g5 50. hxg6 hxg6 51. c6 g5 52. c7 g4 53. c8Q g3 54. Qg4 g2 55. Qxg2 Kd4 56. Qc2 Ke5 57. Kxa6 Kd5 58. Kb5 Ke5 59. Qd3 Kf6 60. Qe4 Kf7 61. a4 Kf6 62. a5 Kg5 63. Qf3 Kg6 64. a6 Kg5 65. a7 Kg6 66. a8Q Kg7 67. Qaf8+ Kg6 68. Qg8+ Kh6 69. Qh3# 1-0

[Event "Douglas IoM Major op"]
[Site "Douglas"]
[Date "2017.09.30"]
[Round "6"]
[White "Nwachukwu, Chino"]
[Black "Gostelow, David W"]
[Result "1-0"]
[WhiteElo "1893"]
[BlackElo "1961"]
[PlyCount "117"]
[EventDate "2017.09.25"]
[EventType "swiss"]
[EventRounds "7"]
[EventCountry "IOM"]
[SourceTitle "CBM 181 Extra"]
[Source "ChessBase"]
[SourceDate "2017.12.12"]
[SourceVersion "1"]
[SourceVersionDate "2017.12.12"]
[SourceQuality "1"]

1. e4 c5 2. Nf3 Nc6 3. Nc3 e6 4. d4 cxd4 5. Nxd4 a6 6. Be3 Nf6 7. Be2 Bb4 8. Qd3 Ne5 9. Qd1 Nxe4 10. 0-0 Bxc3 11. bxc3 Nxc3 12. Qe1 Qc7 13. Bd2 Nd5 14. c4 Nxc4 15. Qc1 Nxd2 16. Qxd2 Qc3 17. Qd1 0-0 18. Rc1 Qb4 19. Rc4 Qa3 20. Ra4 Qe7 21. Qc2 b6 22. Bd3 h6 23. Re1 Qd6 24. Qd2 Bb7 25. Nf3 f5 26. Rh4 Nf6 27. Ne5 Ne4 28. Qb2 Rf6 29. g4 Rc8 30. gxf5 exf5 31. Rd1 Kh7 32. Be2 Qc5 33. Bf3 Rd6 34. Rxd6 Qxd6 35. Bh5 Ng5 36. Bg6+ Kg8 37. Qb3+ Qd5 38. f4 Rc1+ 39. Kf2 Qxb3 40. axb3 Ne4+ 41. Ke3 Rc3+ 42. Kd4 Rxb3 43. Bf7+ Kf8 44. Bxb3 Ke7 45. Nc4 b5 46. Ne3 Nd2 47. Bd5 Bxd5 48. Nxd5+ Kd6 49. Rh3 a5 50. Rd3 Ne4 51. Nc3 Nc5 52. Nxb5+ Kc6 53. Rc3 Kxb5 54. Rxc5+ Kb4 55. Rxf5 a4 56. Rd5 a3 57. Rxd7 a2 58. Ra7 Kb3 59. Ke5 1-0

[Event "BCF-chT4S 1617 (4NCL)"]
[Site "England"]
[Date "2017.05.01"]
[Round "11.52"]
[White "Nwachukwu, Chino"]
[Black "Davies, Peter L"]
[Result "0-1"]
[WhiteElo "2027"]
[BlackElo "2021"]
[PlyCount "64"]
[EventDate "2016.11.26"]
[EventType "team-swiss"]
[EventRounds "11"]
[EventCountry "ENG"]
[SourceTitle "EXT 2019"]
[Source "ChessBase"]
[SourceDate "2018.10.10"]
[SourceVersion "1"]
[SourceVersionDate "2018.10.10"]
[SourceQuality "1"]
[WhiteTeam "Throw in the Tal"]
[BlackTeam "The Full Ponty"]
[WhiteTeamCountry "ENG"]
[BlackTeamCountry "WLS"]

1. e4 e5 2. Nf3 Nc6 3. Bb5 a6 4. Ba4 Nf6 5. 0-0 Nxe4 6. d4 b5 7. Bb3 d5 8. dxe5 Be6 9. a4 b4 10. a5 Nc5 11. c3 Be7 12. cxb4 Nxb4 13. Bd2 Rb8 14. Nd4 Qd7 15. Ba4 Nxa4 16. Qxa4 Qxa4 17. Rxa4 Bd7 18. Ra3 c5 19. e6 cxd4 20. exd7+ Kxd7 21. Bf4 Bd6 22. Rf3 f6 23. Rd1 Bxf4 24. Rxf4 Nc6 25. Nd2 Rxb2 26. Nf3 Rhb8 27. Nxd4 Rb1 28. Rf1 R8b4 29. Nxc6 Rxf1+ 30. Kxf1 Rxf4 31. Nb8+ Kc8 32. Nxa6 Rc4 0-1

[Event "BCF-chT4S 1617 (4NCL)"]
[Site "England"]
[Date "2017.03.18"]
[Round "7.52"]
[White "Lewis, Christopher"]
[Black "Nwachukwu, Chino"]
[Result "0-1"]
[WhiteElo "1937"]
[BlackElo "2027"]
[PlyCount "81"]
[EventDate "2016.11.26"]
[EventType "team-swiss"]
[EventRounds "11"]
[EventCountry "ENG"]
[SourceTitle "EXT 2019"]
[Source "ChessBase"]
[SourceDate "2018.10.10"]
[SourceVersion "1"]
[SourceVersionDate "2018.10.10"]
[SourceQuality "1"]
[WhiteTeam "Shropshire II"]
[BlackTeam "Throw in the Tal"]
[WhiteTeamCountry "ENG"]
[BlackTeamCountry "ENG"]

1. e4 c5 2. Nf3 d6 3. d4 cxd4 4. Nxd4 Nf6 5. Nc3 a6 6. Bg5 e6 7. Be2 Be7 8. Qd2 h6 9. Be3 0-0 10. 0-0 b5 11. Bf3 b4 12. Nce2 e5 13. Nb3 d5 14. Ng3 d4 15. Nxd4 exd4 16. Bxd4 Ra7 17. c3 Rd7 18. Qe3 Bb7 19. Nf5 Re8 20. e5 Nd5 21. Bxd5 Bxd5 22. Qg3 Bf8 23. Nxh6+ Kh7 24. Ng4 Re6 25. f4 bxc3 26. bxc3 Bc4 27. f5 Bxf1 28. fxe6 Rxd4 29. Qh3+ Kg6 30. Rxf1 Rd3 31. Ne3 Qg5 32. Rf3 Rxe3 33. Rxe3 Bc5 34. e7 Qxe7 35. Kf1 Bxe3 36. Qxe3 Qg5 37. Qb6+ Kf5 38. Qxb8 Qc1+ 39. Ke2 Qc2+ 40. Kf1 Qxc3 41. Qc8+ 0-1

[Event "Milton Keynes 4NCL Major op 11th"]
[Site "Milton Keynes"]
[Date "2016.11.05"]
[Round "3.9"]
[White "Obi, Okwose Marc"]
[Black "Nwachukwu, Chino"]
[Result "0-1"]
[WhiteElo "1851"]
[BlackElo "1936"]
[PlyCount "72"]
[EventDate "2016.11.04"]
[EventType "swiss"]
[EventRounds "5"]
[EventCountry "ENG"]
[SourceTitle "EXT 2023"]
[Source "ChessBase"]
[SourceDate "2022.10.05"]
[SourceVersion "1"]
[SourceVersionDate "2022.10.05"]
[SourceQuality "1"]

1. e4 c5 2. Nf3 d6 3. Bd3 e6 4. c3 Nf6 5. Bc2 c4 6. d3 cxd3 7. Qxd3 Nc6 8. 0-0 Be7 9. Rd1 h6 10. Na3 0-0 11. Be3 Qa5 12. Nc4 Qh5 13. Rd2 b5 14. Nxd6 Rd8 15. Qxb5 Rxd6 16. e5 Bd7 17. Qb7 Rb8 18. Qxb8+ Nxb8 19. exd6 Bd8 20. Bxa7 Nc6 21. Be3 Nd5 22. Re1 Ne5 23. Nxe5 Qxe5 24. c4 Nxe3 25. Rxe3 Qf4 26. c5 Qg5 27. b4 Bc6 28. g3 Qg4 29. f4 g5 30. Rf2 gxf4 31. Rxf4 Qh3 32. Be4 Bb5 33. c6 Bg5 34. d7 Bxf4 35. d8Q+ Kg7 36. Kf2 Qxh2+ 0-1

[Event "Douglas IoM Major op"]
[Site "Douglas"]
[Date "2016.10.03"]
[Round "1"]
[White "Nwachukwu, Chino"]
[Black "Price, Andrew"]
[Result "1-0"]
[WhiteElo "1936"]
[BlackElo "1822"]
[PlyCount "47"]
[EventDate "2016.10.03"]
[EventType "swiss"]
[EventRounds "7"]
[EventCountry "IOM"]
[SourceTitle "EXT 2019"]
[Source "ChessBase"]
[SourceDate "2018.10.10"]
[SourceVersion "1"]
[SourceVersionDate "2018.10.10"]
[SourceQuality "1"]

1. e4 e6 2. d4 d5 3. Nd2 Nf6 4. e5 Nfd7 5. Bd3 c5 6. c3 Nc6 7. Ne2 Qb6 8. Nf3 cxd4 9. cxd4 f6 10. Nf4 fxe5 11. dxe5 Nc5 12. Bc2 Be7 13. 0-0 0-0 14. h4 Qc7 15. Re1 a5 16. Nh3 Bd7 17. Bxh7+ Kh8 18. Bg6 Be8 19. Bxe8 Raxe8 20. Nfg5 g6 21. h5 Bxg5 22. Nxg5 gxh5 23. Qxh5+ Kg8 24. Re3 1-0

[Event "Crawley e2e4 Gatwick op U2050"]
[Site "Crawley"]
[Date "2016.05.29"]
[Round "4"]
[White "Dydak, Mateusz"]
[Black "Nwachukwu, Chino"]
[Result "0-1"]
[WhiteElo "1897"]
[BlackElo "1946"]
[PlyCount "88"]
[EventDate "2016.05.27"]
[EventType "swiss"]
[EventRounds "7"]
[EventCountry "ENG"]
[SourceTitle "EXT 2019"]
[Source "ChessBase"]
[SourceDate "2018.10.10"]
[SourceVersion "1"]
[SourceVersionDate "2018.10.10"]
[SourceQuality "1"]

1. e4 c5 2. Nf3 e6 3. c3 d5 4. exd5 Qxd5 5. d4 Nf6 6. c4 Qe4+ 7. Be2 cxd4 8. Qxd4 Bb4+ 9. Bd2 Nc6 10. Qxe4 Nxe4 11. Bxb4 Nxb4 12. Na3 Ke7 13. 0-0 Rd8 14. Rfd1 Bd7 15. Nd4 Ba4 16. Nb3 Bxb3 17. axb3 Nd2 18. Bf3 Nxf3+ 19. gxf3 a6 20. Kf1 g5 21. Ke2 Kf6 22. Rac1 Ke5 23. c5 Nd5 24. Nc4+ Kf6 25. Nd6 Rd7 26. Rc4 h6 27. Rg1 Rad8 28. h4 Nf4+ 29. Ke3 Rxd6 30. hxg5+ hxg5 31. cxd6 Rxd6 32. Rxg5 Kxg5 33. Rxf4 Rd3+ 34. Ke4 f5+ 35. Rxf5+ exf5+ 36. Kxd3 Kf4 37. Ke2 a5 38. Ke1 Kxf3 39. Kf1 Kf4 40. Ke2 Ke4 41. f3+ Kd4 42. Kf2 Kd3 43. Kg3 Ke3 44. Kg2 f4 0-1

[Event "BCF-chT4 1516 (4NCL)"]
[Site "England"]
[Date "2016.05.01"]
[Round "10.99"]
[White "Byrne, Nigel"]
[Black "Nwachukwu, Chino"]
[Result "0-1"]
[WhiteElo "1870"]
[BlackElo "1946"]
[PlyCount "66"]
[EventDate "2015.11.14"]
[EventType "team-swiss"]
[EventRounds "11"]
[EventCountry "ENG"]
[SourceTitle "EXT 2017"]
[Source "ChessBase"]
[SourceDate "2016.10.25"]
[SourceVersion "1"]
[SourceVersionDate "2016.10.25"]
[SourceQuality "1"]
[WhiteTeam "Throw in the Tal II"]
[BlackTeam "Throw in the Tal"]
[WhiteTeamCountry "ENG"]
[BlackTeamCountry "ENG"]

1. e4 c5 2. c3 d5 3. exd5 Qxd5 4. d4 Nf6 5. Nf3 Bg4 6. Be2 Nc6 7. Be3 cxd4 8. cxd4 0-0-0 9. Qc2 e5 10. 0-0 exd4 11. Nxd4 Bxe2 12. Nxe2 Ng4 13. Bf4 g5 14. Nbc3 Qc5 15. Bg3 f5 16. h3 Nf6 17. Qb3 f4 18. Nxf4 gxf4 19. Bxf4 Qf5 20. Be3 Bd6 21. Nb5 Bb8 22. Rac1 Rhg8 23. Bxa7 Qd5 24. Qxd5 Rxd5 25. Bxb8 Kxb8 26. Nc3 Rd2 27. b3 Ne5 28. Kh1 Rc8 29. a3 Nd3 30. Nb1 Rxc1 31. Nxd2 Rc2 32. Nc4 Ne4 33. f3 Ng3+ 0-1

[Event "Crawley e2e4 Gatwick op U1950"]
[Site "Crawley"]
[Date "2016.02.19"]
[Round "1"]
[White "Knight, Colin B"]
[Black "Nwachukwu, Chino"]
[Result "1-0"]
[WhiteElo "1763"]
[BlackElo "1928"]
[PlyCount "105"]
[EventDate "2016.02.19"]
[EventType "swiss"]
[EventRounds "5"]
[EventCountry "ENG"]
[SourceTitle "EXT 2019"]
[Source "ChessBase"]
[SourceDate "2018.10.10"]
[SourceVersion "1"]
[SourceVersionDate "2018.10.10"]
[SourceQuality "1"]

1. e4 c5 2. Nf3 d6 3. d3 Nf6 4. g3 Nc6 5. Bg2 e6 6. 0-0 Be7 7. Nbd2 0-0 8. a4 Qc7 9. Nc4 Rb8 10. Re1 e5 11. h3 h6 12. Nh4 a6 13. f4 b5 14. Ne3 exf4 15. gxf4 Nxe4 16. Nhf5 Bxf5 17. Nxf5 Ng3 18. Nxg3 Bh4 19. Qg4 Bxg3 20. Qxg3 Nd4 21. Qf2 Rfe8 22. Be3 Nf5 23. Be4 Qd7 24. axb5 axb5 25. Bxf5 Qxf5 26. Qf3 Re6 27. Bf2 Rbe8 28. Rxe6 Rxe6 29. Re1 Rf6 30. Re8+ Kh7 31. Qe4 Rg6+ 32. Kh2 Qh5 33. f5 Rf6 34. Qg4 Qxf5 35. Qxf5+ Rxf5 36. Kg2 c4 37. dxc4 bxc4 38. Re4 d5 39. Rd4 g5 40. b3 cxb3 41. cxb3 Kg6 42. b4 Re5 43. b5 Re2 44. Rxd5 f5 45. b6 Rb2 46. Rd6+ Kh5 47. Rf6 f4 48. Re6 Rb3 49. Re7 Kg6 50. b7 h5 51. Re6+ Kf5 52. Rb6 f3+ 53. Kh2 1-0

[Event "Birmingham 4NCL op-B 7th"]
[Site "Birmingham"]
[Date "2016.01.31"]
[Round "4"]
[White "Ireland, David J"]
[Black "Nwachukwu, Chino"]
[Result "0-1"]
[WhiteElo "1910"]
[BlackElo "1928"]
[PlyCount "42"]
[EventDate "2016.01.29"]
[EventType "swiss"]
[EventRounds "5"]
[EventCountry "ENG"]
[SourceTitle "CBM 170 Extra"]
[Source "ChessBase"]
[SourceDate "2016.02.25"]
[SourceVersion "1"]
[SourceVersionDate "2016.02.25"]
[SourceQuality "1"]

1. e4 c5 2. Nc3 d6 3. f4 e6 4. Nf3 a6 5. a4 Nf6 6. g3 Be7 7. Bg2 0-0 8. 0-0 Nc6 9. Kh1 Nd4 10. Nxd4 cxd4 11. Ne2 e5 12. d3 Bd7 13. c3 dxc3 14. Nxc3 Bc6 15. d4 exd4 16. Qxd4 Qc7 17. Be3 Rac8 18. Rfc1 Qa5 19. Bh3 Rcd8 20. Bf5 Qxf5 21. Nd5 Bxd5 0-1

[Event "Birmingham 4NCL op-B 3rd"]
[Site "Birmingham"]
[Date "2015.07.19"]
[Round "5"]
[White "Nwachukwu, Chino"]
[Black "Huang, Dion"]
[Result "0-1"]
[WhiteElo "1946"]
[BlackElo "1854"]
[PlyCount "68"]
[EventDate "2015.07.17"]
[EventType "swiss"]
[EventRounds "5"]
[EventCountry "ENG"]
[SourceTitle "CBM 167 Extra"]
[Source "ChessBase"]
[SourceDate "2015.09.14"]
[SourceVersion "1"]
[SourceVersionDate "2015.09.14"]
[SourceQuality "1"]

1. e4 e5 2. Nf3 Nc6 3. Bb5 a6 4. Ba4 d6 5. h3 Bd7 6. c3 g6 7. 0-0 Bg7 8. d3 Nge7 9. Bg5 0-0 10. Re1 Qe8 11. Nbd2 Kh8 12. Nf1 Nd8 13. Bb3 Ne6 14. Be3 f5 15. exf5 gxf5 16. Ng5 Qg6 17. Nxe6 Bxe6 18. f4 Nc6 19. Bxe6 Qxe6 20. d4 Qg6 21. dxe5 dxe5 22. Qb3 Rab8 23. Rad1 Qf7 24. Qc2 Rfd8 25. fxe5 Bxe5 26. Bg5 Rxd1 27. Qxd1 Rg8 28. Bh4 Bd6 29. Nd2 Ne5 30. Qb3 Qg6 31. Qxb7 Nd3 32. Rf1 c6 33. g4 Qh6 34. Be7 Qe3+ 0-1